| 000 | 01203nam a2200217 a 4500 | ||
|---|---|---|---|
| 001 | 000704843 | ||
| 003 | AM-YeHGA | ||
| 005 | 20250617142612.0 | ||
| 008 | 091222s1985 ||| r 000 0 rus d | ||
| 040 | _aAM-YeHGA | ||
| 041 | 0 | _arus | |
| 245 | 0 | 0 |
_aИсследование триботехнических систем в условиях холодного климата : _bСборник научных трудов / _cАН СССР, Сиб. отд-ние, Якут. фил., Ин-т физ.-техн. пробл. Севера; Редкол.: И.Н. Черский (отв. ред.) и др. |
| 260 |
_aЯкутск : _bЯФ СО АН СССР, _c1985. |
||
| 300 |
_a113, 5 с. : _bил. |
||
| 504 | _aБиблиогр. в конце ст. | ||
| 653 | 0 | _aМашины - Трение и износ при низких температурах - Сборники | |
| 700 | 1 |
_aЧерский, Игорь Николаевич _eред. _4edt |
|
| 710 | 2 |
_aАкадемия наук СССР _bСибирское отделение _bЯкутcкий филиал |
|
| 710 | 2 | _aИнститут физико-технических проблем Севера СО АН СССР | |
| 090 | _c262148 | ||
| 999 |
_c260536 _d260536 |
||